| 000 | 01299nam a2200253 i 4500 | ||
|---|---|---|---|
| 001 | 18421 | ||
| 003 | DO-SdUEMH | ||
| 005 | 20260422222152.0 | ||
| 007 | ta | ||
| 008 | 260422s2021 sp a|||gr|||| 00| 0 spa d | ||
| 020 | _a9788426733528 | ||
| 040 |
_aDO-SdUEMH _bspa _erda |
||
| 041 | _aspa | ||
| 082 | 1 | 4 |
_mCG _bJ61 |
| 100 | 1 | _eaut | |
| 245 |
_aEducación Financiera Mueve Tu Dinero / _cIñaki Jiménez Largo |
||
| 264 | 1 | 4 |
_aEspaña : _bMarcombo ; _c2021 |
| 300 |
_a92 páginas : _bilustraciones ; _c20 cm. |
||
| 336 |
_2rdacontent _atexto _btxt |
||
| 337 |
_2rdamedia _asin mediación _bn |
||
| 338 |
_2rdacarrier _avolumen _bnc |
||
| 505 | 2 | _aCapítulo 1: Por Qué La Educación Financiera Es Importante Para Ti -- Capítulo 2: La Importancia Del Ahorro -- Capítulo 3: El Precio Del Dinero -- Capítulo 4: La Magia Del Interés Compuesto -- Capítulo 5: Gastar No Es Lo Mismo Que Invertir -- Capítulo 6: Intermediarios Financieros: La Multiplicación De Los Panes Y Los Peces -- Capítulo 7: Dibujos Animados: Tin Y Tae -- Capítulo 8: Objetivo Final: Rentabilidad -- Capítulo 9: El Endeudamiento: ¿Cuándo Es Sano Y Cuando Empieza A Hacer Un Problema? -- Capítulo 10: El Monstruo De La Inflación -- Capítulo 11: Panorama Covid-19 -- Capítulo 12: No Te Quedes Quieto. | |
| 942 |
_2ddc _cBK _n0 |
||
| 999 |
_c18421 _d18421 |
||